| 000 | 00393nam a22001697a 4500 | ||
|---|---|---|---|
| 003 | SGT | ||
| 020 | _a9788131262115 | ||
| 082 |
_a616.07 _bR21K |
||
| 100 | _aKUMAR, VINAY | ||
| 245 | _aROBBINS & COTRAN PATHOLOGIC BASIS OF DISEASE | ||
| 250 | _a10TH | ||
| 260 |
_aNEW DELHI _bELSEVIER _c2021 |
||
| 300 | _aI-51 | ||
| 650 | _aPATHOLOGY | ||
| 653 | _a DISEASE,PATHOLOGY | ||
| 942 |
_2ddc _cBK _014 |
||
| 999 |
_c22904 _d22904 |
||